Trade and environment / (Record no. 7360)
[ view plain ]
| 000 -LEADER | |
|---|---|
| fixed length control field | 01445cam a2200277 4500 |
| 001 - CONTROL NUMBER | |
| control field | 8506 |
| 005 - DATE AND TIME OF LATEST TRANSACTION | |
| control field | 20181127190124.0 |
| 008 - FIXED-LENGTH DATA ELEMENTS--GENERAL INFORMATION | |
| fixed length control field | 130528s2013 ii a b 001 0 eng d |
| 010 ## - LIBRARY OF CONGRESS CONTROL NUMBER | |
| LC control number | 2013332796 |
| 020 ## - INTERNATIONAL STANDARD BOOK NUMBER | |
| International Standard Book Number | 0198075421 (pbk.) |
| International Standard Book Number | 9780198075424 (pbk.) |
| 082 04 - DEWEY DECIMAL CLASSIFICATION NUMBER | |
| Classification number | 382 |
| Edition number | 23 |
| 100 1# - MAIN ENTRY--PERSONAL NAME | |
| Personal name | Acharyya, Rajat, |
| Relator term | |
| 245 10 - TITLE STATEMENT | |
| Title | Trade and environment / |
| Statement of responsibility, etc. | Rajat Acharyya. |
| 250 ## - EDITION STATEMENT | |
| Edition statement | First edition. |
| 264 #1 - PRODUCTION, PUBLICATION, DISTRIBUTION, MANUFACTURE, AND COPYRIGHT NOTICE | |
| Place of production, publication, distribution, manufacture | New Delhi : |
| Name of producer, publisher, distributor, manufacturer | Oxford University Press, |
| Date of production, publication, distribution, manufacture, or copyright notice | 2013. |
| 300 ## - PHYSICAL DESCRIPTION | |
| Extent | xiii, 167 pages : |
| Other physical details | illustrations ; |
| Dimensions | 19 cm. |
| 490 1# - SERIES STATEMENT | |
| Series statement | Oxford India short introductions |
| 504 ## - BIBLIOGRAPHY, ETC. NOTE | |
| Bibliography, etc. note | Includes bibliographical references and index. |
| 505 ## - FORMATTED CONTENTS NOTE | |
| Formatted contents note | CONTENTS : Trade and the environment : general issues -- International trade and environmental damage -- Trade, growth, and environmental degradation -- Foreign direct investment, capital flight, and pollution haven -- Environmental regulation, comparative advantage, and unfair trade -- Trans-boundary pollution and policy coordination. |
| Miscellaneous information | |
| Statement of responsibility | |
| Title | |
| 520 ## - SUMMARY, ETC. | |
| Summary, etc. | This introduction studies the spiralling growth-production- trade relationship which is continuously putting pressure on environmental resources, making pollution abatement a bone of contention amongst the developed and the developing nations. |
| 650 #0 - SUBJECT ADDED ENTRY--TOPICAL TERM | |
| Topical term or geographic name entry element | Environmental economics. |
| Topical term or geographic name entry element | International trade |
| General subdivision | Environmental aspects. |
| Topical term or geographic name entry element | Investments, Foreign. |
| 830 #0 - SERIES ADDED ENTRY--UNIFORM TITLE | |
| Uniform title | Oxford India short introductions. |
| Withdrawn status | Lost status | Source of classification or shelving scheme | Damaged status | Not for loan | Collection code | Home library | Current library | Shelving location | Serial Enumeration / chronology | Inventory number | Total Checkouts | Full call number | Barcode | Date last seen | Price effective from | Koha item type |
|---|---|---|---|---|---|---|---|---|---|---|---|---|---|---|---|---|
| Dewey Decimal Classification | Main TEST | RTC Library | RTC Library | Main opac | 12895 | 382 ACH | 30013540 | 27/11/2018 | 27/11/2018 | Main |